Poorest Countries Bordering Each Other with exceptions - Statistics

General Stats
  • This quiz has been taken 87 times
  • The average score is 19 of 20
Answer Stats
Country % Correct
Laos
100%
Pakistan
100%
Afghanistan
99%
Bangladesh
99%
Cambodia
99%
India
99%
Myanmar
99%
Nepal
99%
Turkmenistan
99%
Tajikistan
97%
Uzbekistan
97%
Kyrgyzstan
96%
Iraq
94%
Syria
94%
Lebanon
91%
China
90%
Jordan
90%
North Korea
90%
Indonesia
79%
East Timor
78%
No matching quizzes found
Score Distribution
Percent of People with Each Score
Percentile by Number Answered
Your Score History
You have not taken this quiz